علم الاسلوب المعاصر دراسة وتقييم

Bibliographic Details
Main Author: ياسين، ابو سريع عبد العزيز (Author)
Format: Book
Published: [s.l.] : Matba`ah al-Sa`adah , 1991
Subjects:

MARC

LEADER 00000cam a2200000 7i4500
001 0000030780
005 20160526093000.0
008 021119s1991
020 |a 9770025208 
090 0 0 |a PJ6161   |b .Y3 1991 
100 0 |a ياسين، ابو سريع عبد العزيز ,   |e author 
241 1 0 |a `Ilm al-uslub al-mu`asir dirasat wa taqyyim 
245 1 0 |a علم الاسلوب المعاصر دراسة وتقييم   |c عبد العزيز ابو سريع ياسين 
260 2 |a [s.l.] :   |b Matba`ah al-Sa`adah ,   |c 1991 
300 |a 47 p. ;   |c 24 cm. 
650 0 |a Arabic language   |x Style 
999 |a 1000057403   |b Book   |c OPEN SHELF (30 DAYS)   |e Gong Badak Campus 
999 |a 1000057404   |b Book   |c OPEN SHELF (30 DAYS)   |e Gong Badak Campus